[Event "13. Festival Ciudad de Lorca 2024 - A"]
[White "Guirado Lara, Pablo"]
[Black "Vaddhireddy, Sai"]
[Site "Lorca ESP"]
[Round "7.26"]
[Result "0-1"]
[Date "2024.12.29"]
[WhiteElo "1735"]
[BlackElo "1962"]
[PlyCount "56"]
[GameId "2132923649667810"]
[EventDate "2024.12.26"]
[EventCountry "ESP"]
[SourceTitle "Ajedrez en Madrid"]
[Source "lmi"]
[SourceDate "2024.12.26"]
[SourceVersion "1"]
[SourceVersionDate "2025.01.11"]
[SourceQuality "1"]

1. e4 c6 2. Nf3 d5 3. Nc3 dxe4 4. Nxe4 Nf6 5. Qe2 Nxe4 6. Qxe4 Nd7 7. Bc4 Nf6 8. Ne5 e6 9. Qe2 b5 10. Bd3 Qc7 11. a4 Bd6 12. Nxc6 b4 13. Nd4 a6 14. Nf5 Bb7 15. Nxg7+ Kf8 16. Nh5 Nxh5 17. Qxh5 Rg8 18. Qh6+ Ke8 19. Qxh7 Rxg2 20. Be4 Rg4 21. Bxb7 Qxb7 22. Rf1 Qf3 23. d3 Rc8 24. Bd2 Rxc2 25. Rc1 b3 26. h3 Bb4 27. Qh8+ Kd7 28. hxg4 Bxd2# 0-1

[Event "13. Festival Ciudad de Lorca 2024 - A"]
[White "Bercaru, Vlad Ionut"]
[Black "Garcia Sanz, Eduardo"]
[Site "Lorca ESP"]
[Round "7.27"]
[Result "1-0"]
[Date "2024.12.29"]
[WhiteElo "2065"]
[BlackElo "1860"]
[PlyCount "149"]
[GameId "2132923649667811"]
[EventDate "2024.12.26"]
[EventCountry "ESP"]
[SourceTitle "Ajedrez en Madrid"]
[Source "lmi"]
[SourceDate "2024.12.26"]
[SourceVersion "1"]
[SourceVersionDate "2025.01.11"]
[SourceQuality "1"]

1. d4 d5 2. c4 e6 3. Nc3 c5 4. cxd5 exd5 5. dxc5 Be6 6. Nf3 Bxc5 7. e3 Nf6 8. Bb5+ Nc6 9. O-O O-O 10. a3 a6 11. Be2 Re8 12. Qc2 Qe7 13. Rd1 Rad8 14. b4 Ba7 15. b5 axb5 16. Nxb5 Bb8 17. h3 Ne5 18. Bb2 Rc8 19. Qb1 Nc4 20. Bd4 Bd7 21. a4 Bc6 22. Ra2 Ne4 23. Bd3 Ncd6 24. Nxd6 Qxd6 25. Qa1 f6 26. Kf1 Nc5 27. Bc2 Rc7 28. Qb1 g6 29. Qb4 Bd7 30. Bb3 Be6 31. Kg1 Qf8 32. Bxc5 Qxc5 33. Qd2 Rd7 34. Nd4 Bf7 35. Nb5 Red8 36. Qd4 Qe7 37. Rad2 Kg7 38. Qb2 Be5 39. Qa2 Qc5 40. Rc2 Qb4 41. Rcd2 Qc5 42. Nd4 Bb8 43. Nf3 Ba7 44. Qb2 h6 45. Qc2 Qc6 46. Nd4 Qb6 47. Qd3 Bb8 48. Nb5 Be5 49. Qb1 f5 50. Qa2 Qc5 51. Nd4 Qb6 52. Nf3 Bc3 53. Rd3 Bf6 54. Nd4 Qc5 55. Qc2 Qb6 56. Ba2 Qa5 57. Qb3 Qc5 58. Qb5 Qd6 59. Rb1 Qe7 60. Qb4 Qe5 61. Qd2 Rc8 62. Rc1 Rxc1+ 63. Qxc1 Rc7 64. Qd2 Qe4 65. Nb5 Rc1+ 66. Kh2 Rc5 67. Bb3 Be5+ 68. f4 Bf6 69. Nd6 Qe7 70. Nxf7 Qxf7 71. Bxd5 Qe7 72. Bxb7 Rc7 73. Bf3 g5 74. a5 g4 75. hxg4 1-0

[Event "13. Festival Ciudad de Lorca 2024 - A"]
[White "Maklakova, Naomi"]
[Black "Romero Garcia, Jose Luis"]
[Site "Lorca ESP"]
[Round "7.28"]
[Result "1-0"]
[Date "2024.12.29"]
[WhiteElo "2003"]
[BlackElo "1842"]
[PlyCount "63"]
[GameId "2132923649667812"]
[EventDate "2024.12.26"]
[EventCountry "ESP"]
[SourceTitle "Ajedrez en Madrid"]
[Source "lmi"]
[SourceDate "2024.12.26"]
[SourceVersion "1"]
[SourceVersionDate "2025.01.11"]
[SourceQuality "1"]

1. d4 Nf6 2. Nf3 e6 3. b3 d5 4. Bb2 Bd6 5. e3 Ne4 6. Bd3 f5 7. Ne5 O-O 8. O-O c5 9. f3 Nf6 10. Kh1 Nc6 11. Nd2 Qc7 12. f4 Ne4 13. Rf3 Nb4 14. a3 Nxd3 15. cxd3 Nxd2 16. Qxd2 Bxe5 17. dxe5 Qd7 18. a4 b6 19. a5 Bb7 20. a6 Bc6 21. d4 c4 22. Ba3 Qc7 23. Bxf8 Rxf8 24. Qb4 b5 25. Rf2 Rb8 26. g4 fxg4 27. f5 exf5 28. Rxf5 Bd7 29. Qe7 Qd8 30. Qf7+ Kh8 31. e6 Bc6 32. e7 1-0

[Event "13. Festival Ciudad de Lorca 2024 - A"]
[White "Ramos Saavedra, Mario"]
[Black "Herrero Pena, Laura"]
[Site "Lorca ESP"]
[Round "7.29"]
[Result "1/2-1/2"]
[Date "2024.12.29"]
[WhiteElo "1983"]
[BlackElo "1804"]
[PlyCount "99"]
[GameId "2132923649667813"]
[EventDate "2024.12.26"]
[EventCountry "ESP"]
[SourceTitle "Ajedrez en Madrid"]
[Source "lmi"]
[SourceDate "2024.12.26"]
[SourceVersion "1"]
[SourceVersionDate "2025.01.11"]
[SourceQuality "1"]

1. e4 c5 2. Nf3 e6 3. d4 cxd4 4. Nxd4 Nc6 5. g3 a6 6. Bg2 Qc7 7. Nc3 Nf6 8. O-O Be7 9. Re1 d6 10. Nxc6 bxc6 11. Be3 O-O 12. f4 Bb7 13. Qe2 d5 14. Rad1 Rfd8 15. Na4 c5 16. e5 Nd7 17. b3 Nb6 18. Nb2 d4 19. Bd2 Bxg2 20. Qxg2 a5 21. Qe4 c4 22. Bc1 Bb4 23. Rf1 a4 24. bxc4 Nxc4 25. Nd3 Bc3 26. Kh1 Rab8 27. f5 Ne3 28. Bxe3 dxe3 29. Qxe3 Bd4 30. Qe2 Qc4 31. fxe6 fxe6 32. a3 Rf8 33. Rf4 Rxf4 34. gxf4 Rb2 35. Qg2 Rxc2 36. Qa8+ Kf7 37. Qb7+ Qc7 38. Nc5 Qxb7+ 39. Nxb7 Bb2 40. Rd7+ Kg6 41. Nd8 Bxa3 42. Nxe6 Rc1+ 43. Kg2 Kf5 44. Nd4+ Ke4 45. e6 Rc4 46. Nf3 Kf5 47. Ng5 Rxf4 48. Nxh7 Kxe6 49. Rxg7 Bb2 50. Ra7 1/2-1/2

[Event "13. Festival Ciudad de Lorca 2024 - A"]
[White "Asensio Ramon, Ismael"]
[Black "Diaz Rodriguez, Jose Antonio"]
[Site "Lorca ESP"]
[Round "7.30"]
[Result "0-1"]
[Date "2024.12.29"]
[WhiteElo "1780"]
[BlackElo "1973"]
[PlyCount "98"]
[GameId "2132923649667814"]
[EventDate "2024.12.26"]
[EventCountry "ESP"]
[SourceTitle "Ajedrez en Madrid"]
[Source "lmi"]
[SourceDate "2024.12.26"]
[SourceVersion "1"]
[SourceVersionDate "2025.01.11"]
[SourceQuality "1"]

1. d4 Nf6 2. Nf3 d6 3. c4 Nbd7 4. Nc3 c6 5. e4 e5 6. d5 Be7 7. Be2 O-O 8. h3 Ne8 9. Qc2 cxd5 10. cxd5 Nb6 11. Bd3 Bd7 12. O-O Rc8 13. Be3 Na4 14. Nd2 b6 15. f4 exf4 16. Bxf4 Bf6 17. Nc4 Nxb2 18. Nxb2 Bxc3 19. Qe2 Qe7 20. Rac1 Bd4+ 21. Kh1 Rxc1 22. Rxc1 Qf6 23. Rf1 Bxb2 24. Bc1 Bxc1 25. Rxf6 Nxf6 26. Qc2 Bf4 27. Qb2 Rc8 28. Kg1 Be5 29. Qd2 Nh5 30. Qg5 g6 31. Ba6 f6 32. Qd2 Rc3 33. Bd3 Ba4 34. Kf2 Nf4 35. Bb1 Bb5 36. Bc2 Bd3 37. Bxd3 Nxd3+ 38. Kf1 Nc5 39. Qe2 Rc1+ 40. Kf2 Bd4+ 41. Kg3 Rc3+ 42. Kh2 Re3 43. Qg4 Rxe4 44. Qc8+ Kg7 45. Qc7+ Kh6 46. Qf7 Be5+ 47. Kg1 Bg3 48. Qf8+ Kh5 49. Qxf6 Re1+ 0-1

[Event "13. Festival Ciudad de Lorca 2024 - A"]
[White "Velasco Garcia, Jorge Juan"]
[Black "Fernandez Calzada, Juan A."]
[Site "Lorca ESP"]
[Round "7.31"]
[Result "0-1"]
[Date "2024.12.29"]
[WhiteElo "1938"]
[BlackElo "1773"]
[PlyCount "90"]
[GameId "2132923649667815"]
[EventDate "2024.12.26"]
[EventCountry "ESP"]
[SourceTitle "Ajedrez en Madrid"]
[Source "lmi"]
[SourceDate "2024.12.26"]
[SourceVersion "1"]
[SourceVersionDate "2025.01.11"]
[SourceQuality "1"]

1. d4 Nf6 2. Bg5 d5 3. Bxf6 exf6 4. e3 c6 5. c4 Be6 6. Qb3 Qc7 7. Nc3 Nd7 8. cxd5 cxd5 9. g3 a6 10. Bg2 Qb6 11. Qxb6 Nxb6 12. Nge2 Be7 13. Nf4 Rd8 14. Bh3 f5 15. Bg2 O-O 16. h4 Bb4 17. Nfe2 Rc8 18. O-O Rfd8 19. Rfc1 Nc4 20. Rab1 Nd2 21. Ra1 Ne4 22. a3 Be7 23. Rc2 Rc6 24. Rac1 Rdc8 25. Kf1 h6 26. Ke1 g5 27. hxg5 hxg5 28. Ra1 b5 29. Rcc1 Kg7 30. Rab1 Rc4 31. Bf1 R4c6 32. Ra1 b4 33. axb4 Bxb4 34. f3 Nd6 35. Kf2 a5 36. Ra2 Nc4 37. Nb1 Nd6 38. Rxc6 Rxc6 39. Nec3 g4 40. Bd3 gxf3 41. Kxf3 Ne4 42. Bxe4 fxe4+ 43. Kf4 Bd6+ 44. Kg5 f6+ 45. Kh4 Rc8 0-1

[Event "13. Festival Ciudad de Lorca 2024 - A"]
[White "Maklakova, Nellija"]
[Black "Patil, Rushad"]
[Site "Lorca ESP"]
[Round "7.32"]
[Result "1-0"]
[Date "2024.12.29"]
[WhiteElo "1885"]
[BlackElo "1782"]
[PlyCount "41"]
[GameId "2132923649671912"]
[EventDate "2024.12.26"]
[EventCountry "ESP"]
[SourceTitle "Ajedrez en Madrid"]
[Source "lmi"]
[SourceDate "2024.12.26"]
[SourceVersion "1"]
[SourceVersionDate "2025.01.11"]
[SourceQuality "1"]

1. Nf3 d5 2. d4 Nf6 3. e3 Bf5 4. Bd3 Bxd3 5. cxd3 e6 6. O-O Be7 7. Ne5 Nbd7 8. f4 c5 9. Nd2 cxd4 10. exd4 O-O 11. Ndf3 Qb6 12. Be3 Rac8 13. Qe2 Rc7 14. Rac1 Rfc8 15. Rxc7 Rxc7 16. Ng5 h6 17. Ngxf7 Nb8 18. g4 Nh7 19. g5 Bf8 20. Qg4 Rc2 21. Nxh6+ 1-0

[Event "13. Festival Ciudad de Lorca 2024 - A"]
[White "Kong, Lingzhijie"]
[Black "Perez Fernandez, Arys"]
[Site "Lorca ESP"]
[Round "7.33"]
[Result "1-0"]
[Date "2024.12.29"]
[WhiteElo "1816"]
[BlackElo "1574"]
[PlyCount "79"]
[GameId "2132923649671913"]
[EventDate "2024.12.26"]
[EventCountry "ESP"]
[SourceTitle "Ajedrez en Madrid"]
[Source "lmi"]
[SourceDate "2024.12.26"]
[SourceVersion "1"]
[SourceVersionDate "2025.01.11"]
[SourceQuality "1"]

1. d4 Nf6 2. Nc3 e6 3. Bf4 Be7 4. e4 c5 5. d5 d6 6. Nf3 e5 7. Bg3 Bg4 8. h3 Bh5 9. Bh4 Nbd7 10. Bxf6 Nxf6 11. Bb5+ Nd7 12. Bxd7+ Qxd7 13. O-O O-O 14. Nxe5 Bxd1 15. Nxd7 Rfd8 16. Nxc5 Bxc2 17. Rac1 dxc5 18. Rxc2 f6 19. f4 Bd6 20. Nb5 b6 21. Rd2 Bb8 22. g3 a6 23. Nc3 Ra7 24. a4 Re7 25. Rfd1 Red7 26. Re1 Re7 27. Rde2 Rde8 28. Nb1 g5 29. fxg5 fxg5 30. Kg2 Be5 31. Na3 Kg7 32. Nc4 b5 33. axb5 axb5 34. Ne3 Kg6 35. Nf5 Rd7 36. Ra1 Bd4 37. Ra6+ Kf7 38. Nd6+ Rxd6 39. Rxd6 Bxb2 40. Rxb2 1-0

[Event "13. Festival Ciudad de Lorca 2024 - A"]
[White "Martinez, Thomas"]
[Black "Mengual Brotons, Jesus"]
[Site "Lorca ESP"]
[Round "7.34"]
[Result "0-1"]
[Date "2024.12.29"]
[WhiteElo "1594"]
[BlackElo "1723"]
[PlyCount "50"]
[GameId "2132923649671914"]
[EventDate "2024.12.26"]
[EventCountry "ESP"]
[SourceTitle "Ajedrez en Madrid"]
[Source "lmi"]
[SourceDate "2024.12.26"]
[SourceVersion "1"]
[SourceVersionDate "2025.01.11"]
[SourceQuality "1"]

1. e4 c5 2. f4 d6 3. Nf3 Nf6 4. d3 e6 5. Bd2 Nc6 6. e5 dxe5 7. fxe5 Nd7 8. Bf4 Qc7 9. Nbd2 Ncxe5 10. Nxe5 Nxe5 11. d4 Nd3+ 12. Bxd3 Qxf4 13. Bb5+ Bd7 14. Bxd7+ Kxd7 15. Rf1 Qe3+ 16. Qe2 Qxe2+ 17. Kxe2 f6 18. Rf4 Bd6 19. Rg4 g6 20. dxc5 Bxc5 21. Rd1 Ke7 22. b4 Bd6 23. Kf3 Rac8 24. c4 Bxb4 25. Nb3 Rhd8 0-1

[Event "13. Festival Ciudad de Lorca 2024 - A"]
[White "Xu, Minghui"]
[Black "Li, Di"]
[Site "Lorca ESP"]
[Round "8.1"]
[Result "1/2-1/2"]
[Date "2024.12.30"]
[WhiteElo "2405"]
[BlackElo "2552"]
[PlyCount "69"]
[GameId "2129544253857852"]
[EventDate "2024.12.26"]
[EventCountry "ESP"]
[SourceTitle "Ajedrez en Madrid"]
[Source "lmi"]
[SourceDate "2024.12.26"]
[SourceVersion "1"]
[SourceVersionDate "2025.01.11"]
[SourceQuality "1"]

1. c4 Nf6 2. Nc3 e6 3. Nf3 d5 4. d4 c5 5. cxd5 cxd4 6. Qa4+ Bd7 7. Qxd4 exd5 8. Nxd5 Qa5+ 9. Nc3 Nc6 10. Qd1 Ne4 11. Bd2 Nxd2 12. Nxd2 Bb4 13. Rc1 Bxc3 14. Rxc3 Qxa2 15. Nc4 Rd8 16. Qc1 Be6 17. e3 Qa4 18. Be2 O-O 19. O-O g6 20. Qa1 Qxa1 21. Rd1 Qb1 22. Rxb1 Rd7 23. Ra1 Rfd8 24. f4 Rc8 25. Ne5 Rd2 26. Nxc6 Rxc6 27. Rxc6 bxc6 28. Bf3 c5 29. Rxa7 Rxb2 30. Rc7 c4 31. e4 Rd2 32. f5 gxf5 33. exf5 Bxf5 34. Rxc4 Kg7 35. h4 1/2-1/2

[Event "13. Festival Ciudad de Lorca 2024 - A"]
[White "Cabrera, Alexis"]
[Black "Vignesh, N R"]
[Site "Lorca ESP"]
[Round "8.2"]
[Result "1/2-1/2"]
[Date "2024.12.30"]
[WhiteElo "2410"]
[BlackElo "2523"]
[PlyCount "52"]
[GameId "2129544503042149"]
[EventDate "2024.12.26"]
[EventCountry "ESP"]
[SourceTitle "Ajedrez en Madrid"]
[Source "lmi"]
[SourceDate "2024.12.26"]
[SourceVersion "1"]
[SourceVersionDate "2025.01.11"]
[SourceQuality "1"]

1. e4 c5 2. Nf3 Nc6 3. d4 cxd4 4. Nxd4 Nf6 5. Nc3 e5 6. Ndb5 d6 7. Bg5 a6 8. Na3 b5 9. Nab1 Be7 10. Bxf6 Bxf6 11. a4 b4 12. Nd5 O-O 13. Bc4 Be6 14. O-O Bg5 15. Qd3 a5 16. c3 Rc8 17. Rd1 bxc3 18. bxc3 Ne7 19. Nxe7+ Bxe7 20. Na3 Qc7 21. Bxe6 fxe6 22. Nb5 Qc5 23. Ra2 Rf6 24. Qe2 Rcf8 25. Rf1 Bd8 26. Kh1 Be7 1/2-1/2

[Event "13. Festival Ciudad de Lorca 2024 - A"]
[White "Valdepenas Octavio, Javier"]
[Black "Khamrakulov, Ibragim S."]
[Site "Lorca ESP"]
[Round "8.3"]
[Result "0-1"]
[Date "2024.12.30"]
[WhiteElo "2145"]
[BlackElo "2388"]
[PlyCount "142"]
[GameId "2129544631263351"]
[EventDate "2024.12.26"]
[EventCountry "ESP"]
[SourceTitle "Ajedrez en Madrid"]
[Source "lmi"]
[SourceDate "2024.12.26"]
[SourceVersion "1"]
[SourceVersionDate "2025.01.11"]
[SourceQuality "1"]

1. e4 c5 2. Nf3 e6 3. d4 cxd4 4. Nxd4 a6 5. Nc3 Qc7 6. Be2 Nf6 7. O-O Nc6 8. Be3 Ne5 9. f4 Nc4 10. Bxc4 Qxc4 11. e5 Nd5 12. Nxd5 Qxd5 13. c4 Qe4 14. Rf3 b6 15. Nb3 Rb8 16. Rc1 Qa8 17. f5 exf5 18. Rxf5 Be7 19. Qg4 g6 20. Rf2 d5 21. Qf3 Be6 22. Nd4 O-O 23. Bh6 dxc4 24. Qxa8 Rxa8 25. Nxe6 fxe6 26. Bxf8 Bxf8 27. Rf6 Re8 28. Rxc4 Bg7 29. Rf2 Bxe5 30. Rfc2 Kg7 31. Re4 Bd6 32. b4 Kf6 33. Kf2 Ke7 34. Rc6 Rb8 35. Rd4 Be5 36. Rh4 h5 37. Re4 Bd6 38. g3 e5 39. a3 Ke6 40. Ke3 a5 41. b5 Kd5 42. Ra4 g5 43. Ke2 Bc5 44. Rf6 Bd4 45. Rf5 Rc8 46. Kd2 g4 47. Rxh5 Rc5 48. Rh8 Rxb5 49. Rg8 Rb2+ 50. Kc1 Rxh2 51. Rxg4 Rg2 52. Kd1 Kc5 53. Rg5 Kd5 54. Rg4 Ra2 55. Rg6 Kc5 56. Rg5 Bc3 57. Rh4 Rxa3 58. Rg8 Bd4 59. g4 a4 60. Rh7 Rg3 61. Rc7+ Kd5 62. Ra7 b5 63. Rc7 a3 64. Ra8 b4 65. Rb7 Kc4 66. Ke2 e4 67. Rc7+ Kb3 68. Rd7 Rg2+ 69. Kf1 Rg1+ 70. Ke2 Bc3 71. Ke3 a2 0-1

[Event "13. Festival Ciudad de Lorca 2024 - A"]
[White "Vingris, Mikelis"]
[Black "Narciso Dublan, Marc"]
[Site "Lorca ESP"]
[Round "8.4"]
[Result "1-0"]
[Date "2024.12.30"]
[WhiteElo "2147"]
[BlackElo "2373"]
[PlyCount "59"]
[GameId "2129545105379500"]
[EventDate "2024.12.26"]
[EventCountry "ESP"]
[SourceTitle "Ajedrez en Madrid"]
[Source "lmi"]
[SourceDate "2024.12.26"]
[SourceVersion "1"]
[SourceVersionDate "2025.01.11"]
[SourceQuality "1"]

1. e4 e6 2. d4 d5 3. Nc3 Nf6 4. e5 Nfd7 5. f4 c5 6. Nce2 Nc6 7. Nf3 Be7 8. c3 a5 9. Be3 a4 10. g4 Qa5 11. Qd2 f6 12. Bg2 fxe5 13. dxe5 Nb6 14. Bf2 Nc4 15. Qc2 O-O 16. O-O Bd7 17. h4 Be8 18. h5 b5 19. Ng5 Bxg5 20. fxg5 b4 21. cxb4 Nxb4 22. Qc3 Nc6 23. Qg3 N4xe5 24. Nf4 Bd7 25. h6 gxh6 26. gxh6 Qb4 27. Be3 d4 28. Qh4 Nf7 29. Qf6 Nxh6 30. Qh4 1-0

[Event "13. Festival Ciudad de Lorca 2024 - A"]
[White "Tonndorf, Matthias"]
[Black "Filgueiras, Nathan Felipe"]
[Site "Lorca ESP"]
[Round "8.5"]
[Result "0-1"]
[Date "2024.12.30"]
[WhiteElo "2138"]
[BlackElo "2328"]
[PlyCount "134"]
[GameId "2129545366151357"]
[EventDate "2024.12.26"]
[EventCountry "ESP"]
[SourceTitle "Ajedrez en Madrid"]
[Source "lmi"]
[SourceDate "2024.12.26"]
[SourceVersion "1"]
[SourceVersionDate "2025.01.11"]
[SourceQuality "1"]

1. e4 e5 2. Nf3 Nc6 3. d4 exd4 4. Nxd4 Nf6 5. Nc3 Bb4 6. Nxc6 bxc6 7. Bd3 d5 8. exd5 cxd5 9. O-O O-O 10. Bg5 Be6 11. Qf3 c5 12. Ne2 h6 13. Bxf6 Qxf6 14. Qxf6 gxf6 15. Nf4 c4 16. Be2 Bd6 17. Nxe6 fxe6 18. b3 c3 19. g3 Kg7 20. Rfe1 e5 21. Bf3 e4 22. Bg2 Bc5 23. Red1 Rad8 24. a3 f5 25. b4 Be7 26. f3 Bg5 27. f4 Be7 28. Bf1 Kf6 29. Rd4 Rd6 30. Rad1 Rfd8 31. Kf2 Kg6 32. Bb5 Bf6 33. Ke3 Bxd4+ 34. Kxd4 Kf6 35. Ba4 Re6 36. Re1 Ra6 37. Bb3 Rxa3 38. Rb1 Ra6 39. b5 Rb6 40. Ra1 Rd7 41. Ra5 Re7 42. Kxc3 e3 43. Ra1 Rxb5 44. Re1 Re4 45. Kd3 d4 46. Ke2 Re7 47. Bc4 Rb4 48. Ba6 Rc7 49. Bd3 a5 50. Ra1 a4 51. h3 Rc3 52. g4 fxg4 53. hxg4 a3 54. Rh1 Kg7 55. g5 Rb6 56. gxh6+ Rxh6 57. Rb1 Rc7 58. Ra1 Ra7 59. Kf3 Rb6 60. Rg1+ Kf8 61. Bc4 Rbb7 62. Ke4 Rg7 63. Ra1 Rge7+ 64. Kf3 Rec7 65. Bb3 Kg7 66. Ke4 Re7+ 67. Kf5 Ra5+ 0-1

[Event "13. Festival Ciudad de Lorca 2024 - A"]
[White "Piedra Salabarria, Ernesto"]
[Black "Sabuk, Piotr"]
[Site "Lorca ESP"]
[Round "8.6"]
[Result "1/2-1/2"]
[Date "2024.12.30"]
[WhiteElo "2272"]
[BlackElo "2385"]
[PlyCount "198"]
[GameId "2129545606688974"]
[EventDate "2024.12.26"]
[EventCountry "ESP"]
[SourceTitle "Ajedrez en Madrid"]
[Source "lmi"]
[SourceDate "2024.12.26"]
[SourceVersion "1"]
[SourceVersionDate "2025.01.11"]
[SourceQuality "1"]

1. d4 d5 2. Nf3 Nf6 3. c4 e6 4. Nc3 Bb4 5. e3 O-O 6. Qb3 c5 7. dxc5 Nc6 8. Bd2 Bxc5 9. cxd5 exd5 10. Be2 a6 11. O-O h6 12. Rfd1 Bd6 13. Be1 Be6 14. Qa4 Re8 15. Qh4 Be7 16. Nd4 Bd7 17. Qf4 Bf8 18. Bf3 Bc8 19. Nxc6 bxc6 20. Qd4 Bd6 21. Rac1 Be6 22. Na4 Nd7 23. Be2 c5 24. Qd2 Bxh2+ 25. Kxh2 Qh4+ 26. Kg1 Qxa4 27. Qc3 Rab8 28. a3 Rb3 29. Qc2 d4 30. exd4 cxd4 31. Rd2 Nf6 32. Rcd1 Rc8 33. Qb1 Rd8 34. Bd3 Qc6 35. Bc2 Rbb8 36. Rxd4 Rxd4 37. Rxd4 Bd5 38. f3 Qb6 39. Bc3 Be6 40. Qe1 Nd5 41. Kh1 Nxc3 42. Qxc3 Rc8 43. Qd3 g6 44. Rb4 Qf2 45. Bb3 Rc1+ 46. Kh2 Rg1 47. Rg4 Re1 48. Bxe6 Qg1+ 49. Kg3 Rxe6 50. Qd8+ Kh7 51. Qf8 Qe1+ 52. Kh3 Rf6 53. Qb4 Qh1+ 54. Kg3 h5 55. Rh4 Qc1 56. Kh2 Qc7+ 57. Kg1 Rb6 58. Qe4 Qc5+ 59. Qd4 Qxd4+ 60. Rxd4 Rxb2 61. Rd6 a5 62. Rd5 a4 63. Rd4 Ra2 64. Rxa4 g5 65. Ra6 Kg7 66. Kh2 f6 67. a4 Kg6 68. Ra8 Kf5 69. Kg3 h4+ 70. Kh2 Kf4 71. a5 f5 72. a6 Ra3 73. Ra7 Ra5 74. Ra8 Ra2 75. Ra7 Ra4 76. Ra8 Ra1 77. Rb8 Rxa6 78. Rb4+ Ke5 79. Rb5+ Kf6 80. Kh3 Kg6 81. Rc5 Ra1 82. Kh2 Ra6 83. Kh3 Ra3 84. Rb5 Rd3 85. Ra5 Kf6 86. Ra6+ Ke5 87. Ra5+ Rd5 88. Ra4 Rd4 89. Ra5+ Kf4 90. Rb5 Rd1 91. Rb4+ Ke3 92. Kh2 Rd4 93. Rb5 g4 94. Rxf5 g3+ 95. Kh3 Rd1 96. Ra5 Rh1+ 97. Kg4 Rh2 98. Ra2 h3 99. Kxg3 Rxg2+ 1/2-1/2

[Event "13. Festival Ciudad de Lorca 2024 - A"]
[White "Luch, Michal"]
[Black "Chavez Suarez, Carlos Alberto"]
[Site "Lorca ESP"]
[Round "8.7"]
[Result "0-1"]
[Date "2024.12.30"]
[WhiteElo "2329"]
[BlackElo "2278"]
[PlyCount "84"]
[GameId "2129545795494111"]
[EventDate "2024.12.26"]
[EventCountry "ESP"]
[SourceTitle "Ajedrez en Madrid"]
[Source "lmi"]
[SourceDate "2024.12.26"]
[SourceVersion "1"]
[SourceVersionDate "2025.01.11"]
[SourceQuality "1"]

1. c4 Nf6 2. Nc3 e5 3. g3 Bc5 4. Bg2 O-O 5. e3 Nc6 6. Nge2 d5 7. d4 exd4 8. exd4 Bb4 9. cxd5 Nxd5 10. O-O Be6 11. Ne4 Bg4 12. h3 Bh5 13. g4 Bg6 14. N4c3 Nb6 15. d5 Ne7 16. Nf4 Qd7 17. Qb3 Bd6 18. a4 a5 19. Rd1 h6 20. Nb5 Nbc8 21. Be3 h5 22. gxh5 Bh7 23. Rac1 Nf5 24. Nxd6 Ncxd6 25. Bc5 Qe7 26. Qf3 Nh4 27. Qe3 Qd8 28. Qg3 Nxg2 29. Nxg2 Re8 30. Ne3 Ne4 31. Qf4 Ng5 32. Kh2 Re4 33. Qg3 Rh4 34. Rg1 Rxh3+ 35. Qxh3 Nxh3 36. Kxh3 Qd7+ 37. Kh2 Re8 38. Bd4 Re4 39. Rxg7+ Kf8 40. Rxh7 Rxd4 41. Kg3 Kg8 42. Rh6 Kg7 0-1

[Event "13. Festival Ciudad de Lorca 2024 - A"]
[White "Paikens, Reinis"]
[Black "Pogorelov, Ruslan"]
[Site "Lorca ESP"]
[Round "8.8"]
[Result "1-0"]
[Date "2024.12.30"]
[WhiteElo "2166"]
[BlackElo "2282"]
[PlyCount "89"]
[GameId "2129546034446576"]
[EventDate "2024.12.26"]
[EventCountry "ESP"]
[SourceTitle "Ajedrez en Madrid"]
[Source "lmi"]
[SourceDate "2024.12.26"]
[SourceVersion "1"]
[SourceVersionDate "2025.01.11"]
[SourceQuality "1"]

1. c4 c5 2. Nc3 g6 3. g3 Bg7 4. Bg2 Nc6 5. e4 b6 6. Nge2 Bb7 7. O-O e6 8. d3 Nge7 9. Be3 O-O 10. d4 cxd4 11. Nxd4 Ne5 12. b3 f5 13. h3 fxe4 14. Nxe4 Nf5 15. Bg5 Qb8 16. Nb5 d5 17. cxd5 exd5 18. Nec3 a6 19. Na3 Nf7 20. Bf4 Qa7 21. Rc1 g5 22. Nxd5 gxf4 23. Rc7 N7d6 24. Ne7+ Nxe7 25. Qxd6 Bxg2 26. Kxg2 Qxc7 27. Qxc7 Rf7 28. Re1 Ng6 29. Qxb6 fxg3 30. fxg3 Raf8 31. Nc4 Rf6 32. Re6 Rf1 33. Re2 R1f6 34. Qe3 h5 35. h4 Kh7 36. Qd3 Rf5 37. Nd6 Rc5 38. Ne4 Rcf5 39. Rf2 Ne5 40. Ng5+ Kg6 41. Qe4 Ng4 42. Rf4 R8f6 43. Qe8+ Kh6 44. Qg8 Ne3+ 45. Kh3 1-0

[Event "13. Festival Ciudad de Lorca 2024 - A"]
[White "Piccoli, Lucas Fonseca"]
[Black "Shah, Jeet"]
[Site "Lorca ESP"]
[Round "8.9"]
[Result "1/2-1/2"]
[Date "2024.12.30"]
[WhiteElo "2270"]
[BlackElo "2052"]
[PlyCount "133"]
[GameId "2129546266005761"]
[EventDate "2024.12.26"]
[EventCountry "ESP"]
[SourceTitle "Ajedrez en Madrid"]
[Source "lmi"]
[SourceDate "2024.12.26"]
[SourceVersion "1"]
[SourceVersionDate "2025.01.11"]
[SourceQuality "1"]

1. e4 e5 2. Nf3 Nc6 3. Bc4 Bc5 4. d3 Nf6 5. Bg5 h6 6. Bh4 d6 7. c3 Qe7 8. O-O O-O 9. a4 a5 10. Na3 Be6 11. Bxe6 Qxe6 12. Nb5 Bb6 13. Nd2 Rac8 14. Nc4 Nd7 15. Nxb6 Nxb6 16. f3 Ne7 17. Bf2 Nd7 18. d4 c6 19. Na3 f5 20. exf5 Nxf5 21. Re1 Qf7 22. Nc2 Rce8 23. dxe5 Nxe5 24. Nd4 Qg6 25. Nxf5 Rxf5 26. Bg3 h5 27. Kh1 Kh7 28. Qd4 Re6 29. Re4 Nf7 30. Rxe6 Qxe6 31. c4 Qe2 32. Re1 Qc2 33. h4 d5 34. cxd5 Rxd5 35. Qe4+ Qxe4 36. fxe4 Rd7 37. Kg1 Kg6 38. Kf2 Nd8 39. Ke3 Ne6 40. Rc1 Rd4 41. b3 c5 42. Be1 b6 43. Bc3 Rd7 44. g3 Nd4 45. Rd1 Nc2+ 46. Ke2 Rxd1 47. Kxd1 Nd4 48. Kd2 Nxb3+ 49. Kd3 Nc1+ 50. Kc4 Ne2 51. Be5 Kf7 52. Bc7 Ke6 53. Bxb6 Nxg3 54. Kd3 c4+ 55. Ke3 c3 56. Bxa5 c2 57. Kd2 Nxe4+ 58. Kxc2 Nc5 59. Bc3 Nxa4 60. Bxg7 Kf5 61. Bd4 Kg4 62. Bf2 Nc5 63. Bxc5 Kxh4 64. Be7+ Kg3 65. Kd3 h4 66. Bxh4+ Kxh4 67. Ke4 1/2-1/2

[Event "13. Festival Ciudad de Lorca 2024 - A"]
[White "Ibarra Jerez, Juan Miguel"]
[Black "Bartakke, Amardeep S."]
[Site "Lorca ESP"]
[Round "8.10"]
[Result "0-1"]
[Date "2024.12.30"]
[WhiteElo "2220"]
[BlackElo "1965"]
[PlyCount "84"]
[GameId "2129546443333906"]
[EventDate "2024.12.26"]
[EventCountry "ESP"]
[SourceTitle "Ajedrez en Madrid"]
[Source "lmi"]
[SourceDate "2024.12.26"]
[SourceVersion "1"]
[SourceVersionDate "2025.01.11"]
[SourceQuality "1"]

1. Nf3 Nf6 2. g3 d5 3. Bg2 e6 4. O-O Be7 5. d3 O-O 6. Bf4 c5 7. e4 dxe4 8. dxe4 Qxd1 9. Rxd1 Nxe4 10. Ne5 Nd6 11. Nc3 Na6 12. a4 Nb4 13. Nd3 Nc4 14. Nb5 a6 15. Nc7 Ra7 16. Nxb4 cxb4 17. b3 g5 18. Bc1 b6 19. Na8 Bf6 20. Ra2 Bb7 21. Rd7 Bxg2 22. Rxa7 Bf3 23. Rd7 Ne5 24. Nxb6 Nxd7 25. Nxd7 Rd8 26. Nxf6+ Kg7 27. Nd7 Rxd7 28. Bb2+ Kg6 29. Ra1 Rd2 30. Be5 Rxc2 31. Kf1 Kf5 32. Re1 Be2+ 33. Rxe2 Rxe2 34. Kxe2 Kxe5 35. Kd3 Kd5 36. f4 gxf4 37. gxf4 f6 38. Ke3 a5 39. Kd3 f5 40. Ke3 e5 41. fxe5 Kxe5 42. Kf3 Kd5 0-1